| 000 | 01319cam a2200349 i 4500 | ||
|---|---|---|---|
| 999 |
_c200443414 _d61626 |
||
| 001 | 2709637 | ||
| 003 | TR-AnTOB | ||
| 005 | 20240824073710.0 | ||
| 007 | ta | ||
| 008 | 210906s1972 fr b 000 0 eng d | ||
| 010 | _a73151102 | ||
| 015 | _aF*** | ||
| 040 |
_aDLC _beng _erda _cDLC _dEEM _dUtOrBLW _dTR-AnTOB |
||
| 041 | _aeng | ||
| 050 | 0 | 0 |
_aTE250 _b.O7 1972 |
| 090 |
_aTOBBK TE250 _b.O7 1972 |
||
| 099 | _a625.7042 ORG 1972 | ||
| 110 | 2 |
_aOrganisation for Economic Co-operation and Development _0http://id.loc.gov/authorities/names/n79045354. _933753 |
|
| 245 | 1 | 0 |
_aAccelerated methods of life testing pavements : _ba report / _cprepared by an OECD Road Research Group, May 1972. |
| 264 | 1 |
_a[Paris] : _bOrganisation for Economic Co-operation and Development, _c[1972] |
|
| 300 |
_a41 pages ; _c27 cm |
||
| 336 |
_atext _btxt _2rdacontent. |
||
| 337 |
_aunmediated _bn _2rdamedia. |
||
| 338 |
_avolume _bnc _2rdacarrier. |
||
| 490 | 1 | _aRoad research. | |
| 650 | 0 |
_aPavements _xTesting _0http://id.loc.gov/authorities/subjects/sh85098844. _9132511 |
|
| 650 | 0 |
_aAccelerated life testing _0http://id.loc.gov/authorities/subjects/sh88001717. _9132512 |
|
| 830 | 0 |
_aRoad research. _0http://id.loc.gov/authorities/names/n42036943. |
|
| 942 |
_2z _cBK |
||